[Event "IND-chT 40th"]
[Site "Ahmedabad"]
[Date "2020.02.13"]
[Round "9.6"]
[White "Sriram, Jha"]
[Black "Prasenjit, Dutta"]
[Result "1-0"]
[WhiteElo "2383"]
[BlackElo "2285"]
[PlyCount "47"]
[EventDate "2020.02.07"]
[EventType "team-swiss"]
[EventRounds "9"]
[EventCountry "IND"]
[SourceTitle "CBM 194 Extra"]
[Source "ChessBase"]
[SourceDate "2020.03.31"]
[SourceVersion "1"]
[SourceVersionDate "2020.03.31"]
[SourceQuality "1"]
[WhiteTeam "LIC"]
[BlackTeam "Delhi II"]
[WhiteTeamCountry "IND"]
[BlackTeamCountry "IND"]

1. d4 d6 2. Nf3 Nd7 3. e4 e5 4. Bc4 c6 5. 0-0 h6 6. dxe5 dxe5 7. Bxf7+ Ke7 8. Bb3 Qe8 9. Be3 Kd8 10. Nbd2 g5 11. Nc4 Kc7 12. Ncxe5 Nxe5 13. Nxe5 Be6 14. f4 Rh7 15. Bxe6 Qxe6 16. Qg4 Qe8 17. Rad1 Bd6 18. Qf5 Re7 19. Nc4 Bb4 20. fxg5 b5 21. Bf4+ Kb7 22. Nd6+ Bxd6 23. Bxd6 Rxe4 24. gxh6 1-0

[Event "IND-chT 40th"]
[Site "Ahmedabad"]
[Date "2020.02.10"]
[Round "5.2"]
[White "Prasenjit, Dutta"]
[Black "Vignesh, NR."]
[Result "1/2-1/2"]
[WhiteElo "2285"]
[BlackElo "2436"]
[PlyCount "65"]
[EventDate "2020.02.07"]
[EventType "team-swiss"]
[EventRounds "9"]
[EventCountry "IND"]
[SourceTitle "CBM 194 Extra"]
[Source "ChessBase"]
[SourceDate "2020.03.31"]
[SourceVersion "1"]
[SourceVersionDate "2020.03.31"]
[SourceQuality "1"]
[WhiteTeam "Delhi II"]
[BlackTeam "Railways SPB"]
[WhiteTeamCountry "IND"]
[BlackTeamCountry "IND"]

1. e4 e5 2. Nf3 Nc6 3. Bc4 Bc5 4. 0-0 Nf6 5. d3 0-0 6. c3 d6 7. Re1 h6 8. h3 Bb6 9. Bb3 Ne7 10. Nbd2 c6 11. Nf1 Ng6 12. Ng3 Be6 13. d4 Re8 14. Bc2 Qd7 15. dxe5 Nxe5 16. Nxe5 dxe5 17. Qf3 Qe7 18. a4 a5 19. Be3 Bc5 20. Rad1 Rad8 21. Rxd8 Rxd8 22. Rd1 Rxd1+ 23. Bxd1 Nd7 24. Bc2 b5 25. Nf5 Bxf5 26. exf5 Bxe3 27. Qxe3 Qc5 28. Qd2 Nf6 29. Qd8+ Kh7 30. Bb3 e4 31. Bxf7 Qxf5 32. axb5 cxb5 33. Qxa5 1/2-1/2

[Event "New Delhi Parsvnath blitz op 18th"]
[Site "New Delhi"]
[Date "2020.01.14"]
[Round "9"]
[White "Prasenjit, Dutta"]
[Black "Ilamparthi, AR."]
[Result "0-1"]
[WhiteElo "2285"]
[BlackElo "1880"]
[PlyCount "135"]
[EventDate "2020.01.14"]
[EventType "swiss (blitz)"]
[EventRounds "9"]
[EventCountry "IND"]
[SourceTitle "CBM 194 Extra"]
[Source "ChessBase"]
[SourceDate "2020.03.31"]
[SourceVersion "1"]
[SourceVersionDate "2020.03.31"]
[SourceQuality "1"]

1. e4 b6 2. d4 Bb7 3. d5 e6 4. c4 d6 5. Nc3 exd5 6. cxd5 Nf6 7. Bd3 g6 8. Nge2 Bg7 9. 0-0 0-0 10. h3 Nbd7 11. Bc2 Re8 12. Nd4 Nc5 13. Re1 a5 14. Bf4 Qd7 15. a3 a4 16. Qd2 Ba6 17. Nc6 Bb7 18. Nb4 Qe7 19. f3 Nfd7 20. Bg5 f6 21. Bh4 g5 22. Bf2 Ne5 23. Qe2 Ng6 24. Nb5 Nf4 25. Qd2 Qd7 26. Nd4 h5 27. Nf5 h4 28. Bd4 Bc8 29. Nd3 Ncxd3 30. Bxd3 Qf7 31. Nxg7 Kxg7 32. Bf1 Ba6 33. Rac1 Bxf1 34. Rxf1 Qd7 35. Rc6 Kf7 36. Rfc1 Rec8 37. Kf1 Ng6 38. Qc3 Ne7 39. Rxc7 Rxc7 40. Qxc7 Qb5+ 41. Kg1 Rc8 42. Qxc8 Nxc8 43. Rxc8 Qd3 44. Bc3 f5 45. Rc7+ Kg6 46. Rg7+ Kh6 47. exf5 Qxf5 48. Rb7 Qxd5 49. Re7 Qc5+ 50. Kh1 d5 51. Re6+ Kh7 52. Re5 Kg6 53. Re6+ Kf7 54. Rf6+ Ke8 55. Rf5 Qc4 56. Rxg5 d4 57. Bb4 d3 58. Re5+ Kd7 59. Re1 Qc2 60. Kh2 d2 61. Bxd2 Qxd2 62. Re4 b5 63. Rxh4 Qxb2 64. Rb4 Qxa3 65. Rxb5 Kc6 66. Rg5 Qd6+ 67. g3 Qg6 68. Kg1 0-1

[Event "IND-chB 52nd"]
[Site "Dharamshala"]
[Date "2014.05.13"]
[Round "7"]
[White "Rathnakaran, Kantholi"]
[Black "Prasenjit, Dutta"]
[Result "1-0"]
[WhiteElo "2397"]
[BlackElo "2208"]
[PlyCount "141"]
[EventDate "2014.05.09"]
[EventType "swiss"]
[EventRounds "13"]
[EventCountry "IND"]
[SourceTitle "CBM 160 Extra"]
[Source "ChessBase"]
[SourceDate "2014.07.01"]
[SourceVersion "1"]
[SourceVersionDate "2014.07.01"]
[SourceQuality "1"]

1. e4 d6 2. d4 Nf6 3. Nc3 Nbd7 4. Nf3 e5 5. Bc4 Be7 6. 0-0 0-0 7. Re1 c6 8. Bf1 b5 9. d5 b4 10. dxc6 bxc3 11. cxd7 cxb2 12. Bxb2 Bxd7 13. c4 Bc6 14. Bd3 Rb8 15. Bc3 Nd7 16. Re3 Nc5 17. Bc2 Bd7 18. Be1 Be6 19. Nd2 Bg5 20. Ra3 Qe7 21. Qe2 Rb4 22. Bb3 Rb7 23. Nb1 f5 24. exf5 Bxf5 25. Nc3 Bd3 26. Qh5 g6 27. Qg4 h5 28. Qd1 e4 29. Bc2 Bxc4 30. Qd4 Bd3 31. Bb3+ Kh7 32. Nd5 Qg7 33. Qxg7+ Kxg7 34. Bc3+ Kh6 35. g3 h4 36. Re1 Nxb3 37. axb3 h3 38. Nf4 Bxf4 39. gxf4 Rc8 40. Bd4 a6 41. f3 Rc2 42. fxe4 Rg2+ 43. Kh1 Rb4 44. Re3 Rxd4 45. Rxh3+ Kg7 46. Kxg2 Bxe4+ 47. Kf2 Bf5 48. Rf3 Rd2+ 49. Ke1 Rxh2 50. Rxa6 d5 51. Ra7+ Kf6 52. Ra6+ Kg7 53. Rc3 Rb2 54. Rd6 Be4 55. f5 Bxf5 56. Rxd5 Kh6 57. Rb5 Kg5 58. Kd1 Kf4 59. Rb4+ Ke5 60. Kc1 Rf2 61. Ra4 g5 62. Rc5+ Kd6 63. b4 g4 64. Ra6+ Kd7 65. Rf6 g3 66. Rcxf5 g2 67. Rd5+ Ke7 68. Rg6 Rf1+ 69. Rd1 Rf4 70. Rxg2 Rxb4 71. Re2+ 1-0

[Event "IND-chB 52nd"]
[Site "Dharamshala"]
[Date "2014.05.10"]
[Round "3"]
[White "Prasenjit, Dutta"]
[Black "Rajesh, VAV"]
[Result "1/2-1/2"]
[WhiteElo "2208"]
[BlackElo "2382"]
[PlyCount "84"]
[EventDate "2014.05.09"]
[EventType "swiss"]
[EventRounds "13"]
[EventCountry "IND"]
[SourceTitle "CBM 160 Extra"]
[Source "ChessBase"]
[SourceDate "2014.07.01"]
[SourceVersion "1"]
[SourceVersionDate "2014.07.01"]
[SourceQuality "1"]

1. e4 e5 2. Nf3 Nc6 3. Bc4 Bc5 4. c3 Nf6 5. d3 d6 6. 0-0 0-0 7. Re1 h6 8. Bb3 a6 9. Nbd2 Re8 10. h3 Ba7 11. Nf1 Be6 12. Ng3 d5 13. Be3 Bxe3 14. Rxe3 dxe4 15. Bxe6 Rxe6 16. dxe4 Qxd1+ 17. Rxd1 g6 18. Red3 Kf8 19. Nd2 Rd8 20. Rxd8+ Nxd8 21. Nc4 Ke7 22. f3 b5 23. Ne3 Rd6 24. Ngf5+ gxf5 25. Nxf5+ Ke6 26. Nxd6 cxd6 27. a4 d5 28. exd5+ Nxd5 29. axb5 axb5 30. Ra1 Nc7 31. Kf2 Nc6 32. Kg3 f5 33. Kf2 Kf6 34. g4 f4 35. h4 e4 36. fxe4 Ne5 37. Ra7 Ne6 38. Rb7 Nxg4+ 39. Ke2 Ke5 40. Kf3 Nh2+ 41. Kg2 Ng4 42. Kf3 Nh2+ 1/2-1/2

[Event "Hyderabad op 2nd"]
[Site "Hyderabad"]
[Date "2013.11.25"]
[Round "1"]
[White "Prasenjit, Dutta"]
[Black "Ter Sahakyan, Samvel"]
[Result "0-1"]
[WhiteElo "2250"]
[BlackElo "2568"]
[PlyCount "84"]
[EventDate "2013.11.25"]
[EventType "swiss"]
[EventRounds "11"]
[EventCountry "IND"]
[SourceTitle "CBM 157 Extra"]
[Source "ChessBase"]
[SourceDate "2013.12.19"]
[SourceVersion "1"]
[SourceVersionDate "2013.12.19"]
[SourceQuality "1"]

1. e4 c5 2. Ne2 Nc6 3. c4 e5 4. Nbc3 d6 5. Nd5 Be7 6. Ng3 Nf6 7. Bd3 Nxd5 8. cxd5 Nd4 9. b4 cxb4 10. Qa4+ b5 11. Qxb4 0-0 12. Qb1 Qb6 13. 0-0 Bd7 14. Kh1 Bg5 15. a3 Rfc8 16. Ra2 Rc7 17. Bb2 Nb3 18. Bc3 Rxc3 19. dxc3 Nd2 20. Rxd2 Bxd2 21. Qc2 Bg5 22. Ne2 Rc8 23. Kg1 g6 24. Rb1 Be3 25. Nc1 Bg5 26. Na2 Bd8 27. g3 Rc5 28. Kg2 Qc7 29. Qe2 Qa5 30. Rb3 Bb6 31. Nb4 Qa4 32. Qb2 Rc7 33. f4 exf4 34. gxf4 Be3 35. Kf3 Bc5 36. h4 Rc8 37. h5 Qa5 38. h6 Qd8 39. c4 Qf8 40. cxb5 Qxh6 41. Nc6 Qh5+ 42. Kg3 Qh3# 0-1

[Event "IND-chB 51st"]
[Site "Bhopal"]
[Date "2013.10.19"]
[Round "10"]
[White "Yogit, S."]
[Black "Prasenjit, Dutta"]
[Result "1-0"]
[WhiteElo "2024"]
[BlackElo "2253"]
[PlyCount "29"]
[EventDate "2013.10.12"]
[EventType "swiss"]
[EventRounds "13"]
[EventCountry "IND"]
[SourceTitle "EXT 2014"]
[Source "ChessBase"]
[SourceDate "2013.11.20"]
[SourceVersion "1"]
[SourceVersionDate "2013.11.20"]
[SourceQuality "1"]

1. e4 c5 2. Nf3 e6 3. d4 cxd4 4. Nxd4 a6 5. Nc3 Qc7 6. g3 b5 7. Bg2 Bb7 8. 0-0 Nf6 9. Re1 d6 10. a4 bxa4 11. Nd5 Qd8 12. Bg5 Ra7 13. e5 dxe5 14. Nxe6 Qd6 15. Nxg7+ 1-0

[Event "New Delhi Parsvnath op 10th"]
[Site "New Delhi"]
[Date "2012.01.23"]
[Round "11"]
[White "Prasenjit, Dutta"]
[Black "Swapnil, S Dhopade"]
[Result "0-1"]
[WhiteElo "2274"]
[BlackElo "2435"]
[PlyCount "52"]
[EventDate "2012.01.15"]
[EventType "swiss"]
[EventRounds "11"]
[EventCountry "IND"]
[SourceTitle "CBM 146 Extra"]
[Source "ChessBase"]
[SourceDate "2012.02.29"]
[SourceVersion "1"]
[SourceVersionDate "2012.02.29"]
[SourceQuality "1"]

1. e4 c6 2. d4 d5 3. exd5 cxd5 4. c4 Nf6 5. Nc3 Nc6 6. Bg5 dxc4 7. d5 Ne5 8. Qd4 h6 9. Bf4 Ng6 10. Bg3 e6 11. 0-0-0 Nxd5 12. Bxc4 Be7 13. Nxd5 exd5 14. Qxg7 Qb6 15. Bxd5 Be6 16. Bxe6 Qxe6 17. Qd4 0-0 18. Qa4 b5 19. Qb3 Qe4 20. Ne2 Qxe2 21. Rhe1 Qc4+ 22. Qxc4 bxc4 23. Rd7 Bf6 24. Kc2 Rfe8 25. Rxa7 Rxa7 26. Rxe8+ Kg7 0-1

[Event "IND-chB 49th"]
[Site "Aurangabad"]
[Date "2011.06.18"]
[Round "4"]
[White "Girinath, PDS"]
[Black "Prasenjit, Dutta"]
[Result "1/2-1/2"]
[WhiteElo "2377"]
[BlackElo "2283"]
[PlyCount "30"]
[EventDate "2011.06.16"]
[EventType "swiss"]
[EventRounds "13"]
[EventCountry "IND"]
[SourceTitle "CBM 143 Extra"]
[Source "ChessBase"]
[SourceDate "2011.08.29"]
[SourceVersion "1"]
[SourceVersionDate "2011.08.29"]
[SourceQuality "1"]

1. e4 e5 2. Nf3 Nc6 3. Nc3 Nf6 4. g3 g6 5. Bg2 Bg7 6. 0-0 0-0 7. d3 d6 8. h3 Be6 9. Be3 d5 10. Bg5 d4 11. Ne2 Qd7 12. Kh2 h6 13. Bd2 Kh7 14. b4 Ne8 15. Nh4 Nd6 1/2-1/2

[Event "Bhubaneswar op 3rd"]
[Site "Bhubaneswar"]
[Date "2011.05.31"]
[Round "5"]
[White "Prasenjit, Dutta"]
[Black "Konguvel, Ponnuswamy"]
[Result "1/2-1/2"]
[WhiteElo "2283"]
[BlackElo "2402"]
[PlyCount "106"]
[EventDate "2011.05.28"]
[EventType "swiss"]
[EventRounds "11"]
[EventCountry "IND"]
[SourceTitle "CBM 142 Extra"]
[Source "ChessBase"]
[SourceDate "2011.06.27"]
[SourceVersion "1"]
[SourceVersionDate "2011.06.27"]
[SourceQuality "1"]

1. e4 c5 2. Nf3 d6 3. d4 cxd4 4. Nxd4 Nf6 5. Nc3 g6 6. f4 Nc6 7. Nf3 Bg7 8. Bd3 0-0 9. 0-0 Bg4 10. h3 Bxf3 11. Qxf3 Nd7 12. Kh1 Nc5 13. f5 Ne5 14. Qg3 Re8 15. Nd5 e6 16. fxe6 fxe6 17. Bg5 Qd7 18. Nf6+ Bxf6 19. Rxf6 Qg7 20. Raf1 Ncd7 21. Bb5 Rf8 22. Bxd7 Nxd7 23. Rxf8+ Rxf8 24. Rd1 Qe5 25. Qxe5 Nxe5 26. Be7 Rf2 27. Bxd6 Nc4 28. Bc5 Rxc2 29. Rd8+ Kf7 30. Rd7+ Kf6 31. Rxb7 Ke5 32. b4 Rxa2 33. Bxa7 Kxe4 34. Rxh7 Rb2 35. Rh4+ Kd3 36. Rd4+ Kc3 37. Rg4 e5 38. Bc5 Nd2 39. h4 e4 40. Rxg6 Rb1+ 41. Kh2 e3 42. Re6 Nf1+ 43. Kh3 Kd2 44. Rd6+ Ke1 45. h5 e2 46. h6 Rb3+ 47. Kh4 Ne3 48. Bxe3 Rxe3 49. Ra6 Kf1 50. Ra1+ Kxg2 51. Kg5 e1Q 52. Rxe1 Rxe1 53. h7 Re8 1/2-1/2

[Event "Commonwealth-ch"]
[Site "New Delhi"]
[Date "2010.05.13"]
[Round "6"]
[White "Dzhumaev, Marat"]
[Black "Prasenjit, Dutta"]
[Result "1-0"]
[WhiteElo "2495"]
[BlackElo "2283"]
[PlyCount "61"]
[EventDate "2010.05.10"]
[EventType "swiss"]
[EventRounds "11"]
[EventCountry "IND"]
[SourceTitle "CBM 136 Extra"]
[Source "ChessBase"]
[SourceDate "2010.07.02"]
[SourceVersion "2"]
[SourceVersionDate "2010.07.15"]
[SourceQuality "1"]

1. e4 c5 2. Nf3 e6 3. Nc3 a6 4. d4 cxd4 5. Nxd4 Qc7 6. Bd3 Nc6 7. Nxc6 dxc6 8. 0-0 e5 9. f4 Bd6 10. Qe2 Nf6 11. f5 b5 12. a4 Bb7 13. Kh1 Bc5 14. Nd1 h5 15. Nf2 Rd8 16. b3 Bd4 17. Rb1 Qb6 18. Bg5 Rd6 19. Bh4 Qc7 20. b4 Qd7 21. Qf3 Nh7 22. Be2 0-0 23. Qg3 bxa4 24. Nd3 a3 25. c3 a2 26. Rbc1 Bb6 27. Nxe5 Qc7 28. f6 g6 29. Bc4 Rd5 30. exd5 cxd5 31. Bxa2 1-0

[Event "Commonwealth-ch"]
[Site "New Delhi"]
[Date "2010.05.12"]
[Round "5"]
[White "Prasenjit, Dutta"]
[Black "Hossain, Enamul"]
[Result "1/2-1/2"]
[WhiteElo "2283"]
[BlackElo "2499"]
[PlyCount "318"]
[EventDate "2010.05.10"]
[EventType "swiss"]
[EventRounds "11"]
[EventCountry "IND"]
[SourceTitle "CBM 136 Extra"]
[Source "ChessBase"]
[SourceDate "2010.07.02"]
[SourceVersion "2"]
[SourceVersionDate "2010.07.15"]
[SourceQuality "1"]

1. e4 c5 2. Nf3 Nc6 3. d4 cxd4 4. Nxd4 e5 5. Nb5 d6 6. c4 Be7 7. N1c3 a6 8. Na3 Be6 9. Nc2 Bg5 10. Ne3 Nge7 11. Bd3 0-0 12. Nf5 Bxc1 13. Rxc1 Qd7 14. Qg4 g6 15. Nxe7+ Qxe7 16. Qg3 Rac8 17. 0-0 Qd8 18. b3 Qa5 19. Qe3 Nd4 20. Bb1 b5 21. f4 b4 22. Nd5 Bxd5 23. exd5 Qc5 24. Kh1 f5 25. Rcd1 Ne6 26. Qxc5 Nxc5 27. fxe5 dxe5 28. d6 Nd7 29. Rd5 Rc5 30. Rfd1 Rfc8 31. R5d2 a5 32. g4 e4 33. gxf5 gxf5 34. Rg2+ Kh8 35. Rdg1 R5c6 36. Rf2 Rf8 37. Rgf1 e3 38. Rxf5 Rxf5 39. Bxf5 Rxd6 40. Re1 Nc5 41. Rxe3 Rd1+ 42. Kg2 Rd2+ 43. Kg3 Rxa2 44. Re7 Nxb3 45. Rxh7+ Kg8 46. Rb7 Nd4 47. Be4 Re2 48. Bd5+ Kh8 49. h4 b3 50. c5 a4 51. c6 Rc2 52. c7 Nf5+ 53. Kf4 Nd6 54. Bxb3 axb3 55. Rxb3 Rxc7 56. Ke5 Ne8 57. Ke6 Kh7 58. Rb4 Ng7+ 59. Kf6 Rc5 60. Rb7 Rf5+ 61. Ke7 Rf4 62. Rb1 Rxh4 63. Kf6 Rh5 64. Rf1 Rh6+ 65. Kf7 Rh5 66. Kf6 Kg8 67. Kg6 Rh2 68. Ra1 Rg2+ 69. Kf6 Nh5+ 70. Kf5 Kh7 71. Ra7+ Ng7+ 72. Kf4 Kg6 73. Ra6+ Kf7 74. Kf3 Rg1 75. Kf2 Rg5 76. Ra3 Kf6 77. Ra6+ Ne6 78. Kf3 Re5 79. Kg4 Rc5 80. Rb6 Rc4+ 81. Kf3 Kf5 82. Ke3 Rc3+ 83. Kd2 Rg3 84. Rb8 Ke5 85. Re8 Kd5 86. Ra8 Rh3 87. Re8 Nf4 88. Rf8 Ke4 89. Ra8 Rd3+ 90. Kc2 Nd5 91. Ra4+ Ke3 92. Rh4 Rd2+ 93. Kb3 Kd3 94. Rh3+ Kd4 95. Rh4+ Kc5 96. Rh3 Rd4 97. Rg3 Rh4 98. Rg8 Rh3+ 99. Kc2 Nb6 100. Kd2 Nd5 101. Ke2 Ra3 102. Kd2 Nf6 103. Rc8+ Kd4 104. Ke2 Re3+ 105. Kd2 Ne4+ 106. Kc2 Re2+ 107. Kb3 Nc5+ 108. Ka3 Kc4 109. Rh8 Kc3 110. Rh3+ Nd3 111. Ka4 Rb2 112. Ka5 Kc4 113. Rh4+ Kd5 114. Rh5+ Ne5 115. Ka4 Rb8 116. Rh1 Kc5 117. Rh5 Kd4 118. Rh4+ Kc3 119. Rh3+ Nd3 120. Ka5 Rb1 121. Ka4 Rb4+ 122. Ka5 Rb3 123. Ka4 Rb8 124. Ka5 Kc4 125. Rh4+ Kd5 126. Rh5+ Ne5 127. Rh1 Kc5 128. Ka4 Rb4+ 129. Ka3 Nc4+ 130. Ka2 Rb2+ 131. Ka1 Re2 132. Kb1 Kb4 133. Rh3 Ne3 134. Rh8 Kc3 135. Rh3 Kb3 136. Kc1 Rc2+ 137. Kb1 Rc3 138. Rh8 Nd5 139. Rb8+ Nb4 140. Rb7 Rc8 141. Rb6 Rd8 142. Kc1 Kc3 143. Rb7 Nd3+ 144. Kb1 Nc5 145. Rc7 Rd1+ 146. Ka2 Kb4 147. Rc8 Rd2+ 148. Kb1 Nd3 149. Rb8+ Kc3 150. Rc8+ Kb3 151. Rb8+ Nb4 152. Kc1 Rd4 153. Rb7 Rd8 154. Rb6 Kc3 155. Rb7 Nd3+ 156. Kb1 Rh8 157. Rc7+ Kb3 158. Rb7+ Nb4 159. Kc1 Rd8 1/2-1/2

[Event "New Delhi Parsvnath op 8th"]
[Site "New Delhi"]
[Date "2010.01.16"]
[Round "4"]
[White "Konguvel, Ponnuswamy"]
[Black "Prasenjit, Dutta"]
[Result "1-0"]
[WhiteElo "2420"]
[BlackElo "2278"]
[PlyCount "101"]
[EventDate "2010.01.14"]
[EventType "swiss"]
[EventRounds "11"]
[EventCountry "IND"]
[SourceTitle "CBM 134 Extra"]
[Source "ChessBase"]
[SourceDate "2010.03.03"]
[SourceVersion "1"]
[SourceVersionDate "2010.03.03"]
[SourceQuality "1"]

1. e4 c5 2. Nf3 e6 3. d4 cxd4 4. Nxd4 a6 5. c4 Nf6 6. Nc3 Qc7 7. a3 d6 8. Be2 b6 9. Be3 Bb7 10. f3 Be7 11. Rc1 Nbd7 12. 0-0 Rc8 13. b4 Qb8 14. Qd2 Bd8 15. Kh1 Qa8 16. Nb3 Bc7 17. Bf4 Ke7 18. Rfd1 Qb8 19. Na4 Rhd8 20. Nb2 h6 21. Nd3 g5 22. Be3 g4 23. Bxh6 gxf3 24. Bxf3 Rh8 25. Re1 Rcg8 26. Nd4 Ke8 27. b5 Qa8 28. Nc6 Ng4 29. Bf4 e5 30. Bg3 a5 31. Nf2 Ngf6 32. Nh3 Nc5 33. Qe3 Bc8 34. Ng5 Rg6 35. Kg1 Rhg8 36. h4 Ne6 37. Rcd1 Nxg5 38. hxg5 Rxg5 39. Bh4 R5g6 40. Rd5 Be6 41. Red1 Bxd5 42. cxd5 Rh8 43. Bxf6 Rxf6 44. Qg5 Bd8 45. Nxd8 Qxd8 46. Rc1 Rfh6 47. Qxd8+ Kxd8 48. Rc6 Rh1+ 49. Kf2 Ra1 50. Rxb6 Rxa3 51. Rb8+ 1-0

[Event "New Delhi Parsvnath op 8th"]
[Site "New Delhi"]
[Date "2010.01.15"]
[Round "3"]
[White "Prasenjit, Dutta"]
[Black "Grover, Sahaj"]
[Result "1/2-1/2"]
[WhiteElo "2278"]
[BlackElo "2448"]
[PlyCount "56"]
[EventDate "2010.01.14"]
[EventType "swiss"]
[EventRounds "11"]
[EventCountry "IND"]
[SourceTitle "CBM 134 Extra"]
[Source "ChessBase"]
[SourceDate "2010.03.03"]
[SourceVersion "1"]
[SourceVersionDate "2010.03.03"]
[SourceQuality "1"]

1. e4 e6 2. d4 d5 3. Nd2 Nc6 4. c3 e5 5. dxe5 dxe4 6. Qa4 Qd5 7. Qxe4 Qxe5 8. Bb5 Qxe4+ 9. Nxe4 Bf5 10. Ng3 Bg6 11. Nf3 Bd6 12. 0-0 Nge7 13. Nh4 Bc2 14. Re1 0-0-0 15. Be3 h6 16. Bxc6 bxc6 17. Bd4 f6 18. Ne4 Bxe4 19. Rxe4 c5 20. Be3 g5 21. Nf3 Nd5 22. Bd2 f5 23. Re6 Rde8 24. Rxe8+ Rxe8 25. Re1 Rd8 26. g3 Nf6 27. Bc1 Ne4 28. Kg2 Rf8 1/2-1/2

[Event "Mumbai Mayors Cup 1st"]
[Site "Mumbai"]
[Date "2008.05.12"]
[Round "3"]
[White "Prasenjit, Dutta"]
[Black "Khosla, Shiven"]
[Result "1-0"]
[WhiteElo "2317"]
[BlackElo "2086"]
[PlyCount "51"]
[EventDate "2008.05.11"]
[EventType "swiss"]
[EventRounds "11"]
[EventCountry "IND"]
[SourceTitle "CBM 124 Extra"]
[Source "ChessBase"]
[SourceDate "2008.07.03"]
[SourceVersion "1"]
[SourceVersionDate "2008.07.03"]
[SourceQuality "1"]

1. e4 c5 2. Nf3 d6 3. c3 Nf6 4. Bd3 Nc6 5. Bc2 g6 6. 0-0 Bg7 7. h3 0-0 8. Re1 b6 9. a3 Bb7 10. d4 Rc8 11. d5 Nb8 12. c4 a6 13. Nc3 Nbd7 14. Nh2 Ne8 15. Ng4 Nc7 16. Bh6 Re8 17. Bxg7 Kxg7 18. f4 b5 19. b3 Rb8 20. e5 Bc8 21. Qd3 Nf8 22. Ne3 Kg8 23. Re2 Bb7 24. Rae1 Nd7 25. Ng4 Bc8 26. e6 1-0

[Event "New Delhi Parsvnath op 6th"]
[Site "New Delhi"]
[Date "2008.01.18"]
[Round "8"]
[White "Prasenjit, Dutta"]
[Black "Khosla, Shiven"]
[Result "1-0"]
[WhiteElo "2296"]
[BlackElo "2076"]
[PlyCount "123"]
[EventDate "2008.01.13"]
[EventType "swiss"]
[EventRounds "10"]
[EventCountry "IND"]
[SourceTitle "CBM 122 Extra"]
[Source "ChessBase"]
[SourceDate "2008.03.04"]
[SourceVersion "1"]
[SourceVersionDate "2008.03.04"]
[SourceQuality "1"]

1. e4 c5 2. Nf3 d6 3. d4 cxd4 4. Nxd4 Nf6 5. Nc3 g6 6. Be3 Bg7 7. f3 0-0 8. Qd2 Nc6 9. Bc4 Bd7 10. 0-0-0 Rb8 11. h4 b5 12. Bb3 Na5 13. h5 Nc4 14. Bxc4 bxc4 15. Bh6 Qb6 16. b3 cxb3 17. axb3 Bxh6 18. Qxh6 Qa5 19. Kb2 Rfc8 20. Rd3 Rb4 21. Nd5 Nxd5 22. exd5 Bf5 23. Nxf5 gxf5 24. Qg5+ Kf8 25. Rc1 Rcb8 26. Ra1 Qc5 27. Qxf5 Rc4 28. Rd2 Qe3 29. Qd3 Qe5+ 30. c3 Rcb4 31. Ra3 Kg8 32. g4 R4b5 33. Qd4 Qe1 34. h6 f6 35. g5 e5 36. Qd3 f5 37. Kc2 Rc5 38. c4 Rb4 39. Rd1 Qf2+ 40. Qd2 Qxd2+ 41. Kxd2 a5 42. Kc3 Rb8 43. Rda1 Ra8 44. Kd3 Rb8 45. Kc2 Ra8 46. Kd3 Rb8 47. Kc3 Ra8 48. Ra4 Kf7 49. b4 axb4+ 50. Kb3 Rxa4 51. Rxa4 Kg6 52. Ra7 Kxg5 53. Rxh7 Rc8 54. Kxb4 Kg6 55. Rd7 Kxh6 56. Rxd6+ Kg5 57. Re6 Kf4 58. d6 e4 59. fxe4 fxe4 60. c5 e3 61. d7 Rb8+ 62. Kc4 1-0

[Event "Commonwealth-ch"]
[Site "New Delhi"]
[Date "2007.12.05"]
[Round "4"]
[White "Himanshu, Sharma"]
[Black "Prasenjit, Dutta"]
[Result "1-0"]
[WhiteElo "2408"]
[BlackElo "2296"]
[PlyCount "97"]
[EventDate "2007.12.03"]
[EventType "swiss"]
[EventRounds "10"]
[EventCountry "IND"]
[SourceTitle "CBM 121 Extra"]
[Source "ChessBase"]
[SourceDate "2008.01.10"]
[SourceVersion "1"]
[SourceVersionDate "2008.01.10"]
[SourceQuality "1"]

1. e4 e5 2. Nf3 Nc6 3. Bb5 a6 4. Bxc6 dxc6 5. 0-0 Bg4 6. h3 h5 7. d3 Qf6 8. Be3 Bxf3 9. Qxf3 Qxf3 10. gxf3 Bd6 11. Nd2 c5 12. a4 a5 13. Rfd1 Ne7 14. Kf1 f5 15. exf5 Nxf5 16. Ke2 b6 17. Rg1 Kf7 18. Ne4 Rae8 19. c3 Be7 20. Rae1 Rhf8 21. Ng3 g6 22. Nxf5 gxf5 23. f4 e4 24. dxe4 fxe4 25. Rd1 c6 26. f3 exf3+ 27. Kxf3 Rd8 28. c4 Bf6 29. b3 Rfe8 30. Bf2 Bd4 31. Rge1 Rxe1 32. Bxe1 Kg6 33. Bh4 Re8 34. Bf2 Rd8 35. Rg1+ Kf7 36. Bh4 Re8 37. Re1 Rb8 38. Re7+ Kg8 39. Rd7 Re8 40. Rd8 Kf7 41. Rxe8 Kxe8 42. Ke4 Bc3 43. Kf5 Bd2 44. Ke5 Kd7 45. Bg5 b5 46. Kf5 bxc4 47. bxc4 Ke8 48. Kg6 h4 49. f5 1-0

[Event "Commonwealth-ch"]
[Site "New Delhi"]
[Date "2007.12.03"]
[Round "2"]
[White "Akash Pc, Iyer"]
[Black "Prasenjit, Dutta"]
[Result "0-1"]
[WhiteElo "1873"]
[BlackElo "2296"]
[PlyCount "44"]
[EventDate "2007.12.03"]
[EventType "swiss"]
[EventRounds "10"]
[EventCountry "IND"]
[SourceTitle "CBM 121 Extra"]
[Source "ChessBase"]
[SourceDate "2008.01.10"]
[SourceVersion "1"]
[SourceVersionDate "2008.01.10"]
[SourceQuality "1"]

1. d4 g6 2. c4 Bg7 3. Nc3 d6 4. e4 Nd7 5. Be3 e5 6. d5 Ne7 7. f3 f5 8. Bd3 Nf6 9. Qd2 fxe4 10. Nxe4 Nf5 11. Ne2 Nxe4 12. Bxe4 Nxe3 13. Qxe3 Qh4+ 14. g3 Qh3 15. 0-0-0 Bh6 16. f4 0-0 17. Rdf1 Bg4 18. Bf3 exf4 19. Nxf4 Rae8 20. Qf2 Bxf3 21. Qxf3 Bxf4+ 22. gxf4 Re1+ 0-1

[Event "IND-chB 45th"]
[Site "Dindigul"]
[Date "2007.06.15"]
[Round "7"]
[White "Ravi, Thandalam Shanmugam"]
[Black "Prasenjit, Dutta"]
[Result "1/2-1/2"]
[WhiteElo "2335"]
[BlackElo "2256"]
[PlyCount "53"]
[EventDate "2007.06.11"]
[EventType "swiss"]
[EventRounds "12"]
[EventCountry "IND"]
[SourceTitle "CBM 119 Extra"]
[Source "ChessBase"]
[SourceDate "2007.09.04"]
[SourceVersion "1"]
[SourceVersionDate "2007.09.04"]
[SourceQuality "1"]

1. e4 e5 2. Nf3 Nc6 3. d4 exd4 4. Nxd4 Nf6 5. Nc3 Bb4 6. Nxc6 bxc6 7. Bd3 d5 8. exd5 Qe7+ 9. Qe2 Qxe2+ 10. Kxe2 cxd5 11. Nb5 Ba5 12. Bf4 Kd8 13. Rhd1 Bd7 14. c4 a6 15. Nd4 Bb6 16. Nf3 Re8+ 17. Kf1 Ne4 18. Bxe4 Rxe4 19. Bg3 Rxc4 20. Rxd5 Rc5 21. Rxc5 Bxc5 22. Rd1 Kc8 23. Rc1 Bb6 24. Ne5 Bb5+ 25. Nc4 Kb7 26. a4 Bxc4+ 27. Rxc4 1/2-1/2

[Event "IND-chB 45th"]
[Site "Dindigul"]
[Date "2007.06.14"]
[Round "5"]
[White "Satyapragyan, Swayangsu"]
[Black "Prasenjit, Dutta"]
[Result "1/2-1/2"]
[WhiteElo "2401"]
[BlackElo "2256"]
[PlyCount "63"]
[EventDate "2007.06.11"]
[EventType "swiss"]
[EventRounds "12"]
[EventCountry "IND"]
[SourceTitle "CBM 119 Extra"]
[Source "ChessBase"]
[SourceDate "2007.09.04"]
[SourceVersion "1"]
[SourceVersionDate "2007.09.04"]
[SourceQuality "1"]

1. e4 e5 2. Nf3 Nc6 3. Bb5 a6 4. Ba4 Nf6 5. d3 d6 6. c3 Be7 7. Nbd2 Bg4 8. h3 Bh5 9. Nf1 Nd7 10. Ng3 Bxf3 11. Qxf3 Nc5 12. Bxc6+ bxc6 13. d4 exd4 14. cxd4 Ne6 15. Be3 d5 16. 0-0 dxe4 17. Qxe4 Qd5 18. Rac1 Qxe4 19. Nxe4 f5 20. Nc3 f4 21. Bd2 Rd8 22. Rfe1 Kf7 23. Re4 Rxd4 24. Rxd4 Nxd4 25. Bxf4 Rb8 26. Be5 c5 27. b3 Bd6 28. Bxd6 cxd6 29. Re1 Re8 30. Ne4 Kg6 31. Kf1 Re6 32. f3 1/2-1/2